Bibliografía sobre pasto llorón /
Guardado en:
| Autor Principal: | |
|---|---|
| Autor Corporativo: | |
| Formato: | Libro |
| Idioma: | Spanish |
| Publicado: |
Bahía Blanca :
CERZOS,
1985.
|
| Etiquetas: |
Agregar Etiqueta
Sin Etiquetas, Sea el primero en etiquetar este registro!
|
| LEADER | 00497nam a22001455a 4500 | ||
|---|---|---|---|
| 001 | EEA.libagro004213 | ||
| 005 | 20190319124940.0 | ||
| 008 | 130809s1985####ag############000#0#spa#d | ||
| 082 | 0 | 4 | |a 633.23 |
| 100 | 1 | |a Didoné, Nilda G. | |
| 245 | 1 | 0 | |a Bibliografía sobre pasto llorón / |c Nilda G. Didoné. |
| 260 | |a Bahía Blanca : |b CERZOS, |c 1985. | ||
| 300 | |a 58 p. ; |c 30 cm. | ||
| 710 | 2 | |a Centro de Recursos Naturales Renovables de la Zona Semiárida. | |
| 859 | |a AR-BbBCA |b BIB. AGRONOMIA |h B633.23 |i D557 |p 1989/1454 | ||
